開業の遅い国鉄駅ベスト10 - Statistics

General Stats
  • This quiz has been taken 21 times
  • The average score is 3 of 10
Answer Stats
順位 駅名 路線名 国鉄駅としての営業日数 % Correct
1 東矢本 仙石線 1
60%
5 西焼津 東海道本線 11
40%
4 昭和町 高徳本線 9
35%
8 新白岡 東北本線 34
35%
2 生野屋 岩徳線 5
30%
2 大河内 岩徳線 5
30%
6 別府大学 日豊本線 23
30%
6 暘谷 日豊本線 23
25%
9 日豊本線 58
20%
9 敷戸 豊肥本線 58
20%
No matching quizzes found
Score Distribution
Percent of People with Each Score
Percentile by Number Answered
Your Score History
You have not taken this quiz